00546nam a2200169Ia 4500003000900000008004100009040001600050080001500066100001600081245008500097260005000182300000900232650004100241650004200282650003200324650002000356IN-BaIIA211028s9999 xx 000 0 eng d cIIA Library a83.83bJAS aJaschek, C. 0aCatalogue of stellar spectra classified in the morgan keenan systemcC. Jaschek  aPlatabUniversidad Nacional De La Platac1964 a153p aAstronomy and Astrophysics Thesaurus aCatalogue-MK Spectral Classifications aMK Spectral Classifications aSteller Spectra